000
00268nam a2200109Ia 4500
008
221030s9999 xx 000 0 und d
245
0
_a
Employee Engagement at Coca - Cola Ltd.
260
_b
Coca Cola
_a
JAMMU
_c
2014
300
_a
70
650
_a
Management
942
_c
TH
999
_c
16537
_d
16537